00879naa a22001457i 45000010005000000030009000050050017000140080041000310400029000720410008001011000102001092450165002117000157003767730200005339318KOSZ 00520180411080211.0180324s2003 pl ||||| ||||0|| 0 pol d cKOSZ 005/HRaKOSZ 005/HR0 apol1 aSOKOŁOWSKI, Wojciech.d1999-2006bPolitechnika Koszalińska - Wydział Ekonomii i Zarządzania10aAnaliza możliwości prognozowania parametrów przedsiębiorstwa w warunkach ograniczonego dostępu do informacji /cWojciech Sokołowski, Danuta Zawadzka.1 aZAWADZKA, Danuta.bPolitechnika Koszalińska - Wydział Ekonomii i Zarządzania,cKatedra Rachunkowości i Finansów, Zakład Finansówd1999-2006.0 iW :tFormy finansowego wspomagania lokalnej przedsiębiorczości / pod red. Jana Sobiecha i Danuty Zawadzkiej. -dKoszalin : Wydaw. Uczelniane Politechniki Koszalińskiej, 2003. -gs. 123-136.